Kliknij na mapie europejskie miasta na literę B - Statystyki

Ogólne statystyki
  • Ten quiz został rozwiązany 270 razy
    142 od ostatniego zresetowania
  • Średni wynik to 22 z 28
Odpowiedzi na mapie
Odpowiedzi zakodowano w zielono-czerwonej skali na mapie do tego quizu, zgodnie z poniższymi procentami.
 
Statystyki odpowiedzi
Odpowiedź % Poprawnych
Berlin
97%
Barcelona
95%
Białstok
91%
Bratysława
91%
Belgrad
90%
Bydgoszcz
89%
Bytom
88%
Bilbao
87%
Budapeszt
85%
Bukareszt
85%
Berno
84%
Bruksela
84%
Belfast
80%
Bolonia
80%
Bristol
80%
Brema
79%
Brno
79%
Bordeaux
78%
Bergen
77%
Birmingham
76%
Bari
75%
Brześć
75%
Burgas
75%
Bonn
66%
Braga
61%
Brest
60%
Brugia
50%
Bazylea
47%
Nie znaleziono quizów pasujących do podanych kryteriów
Rozkład punktacji
Procent ludzi z każdym wynikiem
Percentyl według liczby udzielonych odpowiedzi
Twoja historia wyników
Nie rozwiązałeś tego quizu od ostatniego zresetowania